| 000 | 00756nam a22001937a 4500 | ||
|---|---|---|---|
| 003 | OSt | ||
| 005 | 20240905094856.0 | ||
| 008 | 240905b ||||| |||| 00| 0 eng d | ||
| 040 | _cAIMIT LIBRARY | ||
| 100 |
_aRai, Prakhyath. _e2216136 _9178731 |
||
| 245 |
_aStudy on employee engagement and its relationship with productivity of new Mangalore port authority / _cBy Prakhyath Rai ; Guided by Steevan D Souza. |
||
| 260 |
_aMangalore ; _c2024. |
||
| 650 |
_aReliability analysis _9178732 |
||
| 650 |
_aRegression analysis to predict employee engagement _9178733 |
||
| 650 |
_aCorrelation analysis of employee engagement and productivity _9178734 |
||
| 700 |
_aD Souza, Steevan. _eGuide _9178735 |
||
| 856 | _3New Mangalore Port Trust. | ||
| 942 |
_2ddc _cPRO |
||
| 999 |
_c231739 _d231739 |
||